[Event "3rd GRENKE Chess Open 2018"]
[Site "Karlsruhe"]
[Date "2018.03.31"]
[Round "5"]
[White "Malakhatko, Vadim"]
[Black "Bakre, Tejas"]
[Result "1-0"]
[WhiteElo "2536"]
[BlackElo "2427"]
[Annotator "TA"]
[PlyCount "103"]
[EventDate "2018.??.??"]
[EventType "swiss"]
[EventCountry "GER"]
[SourceTitle "playchess.com"]
[Source "ChessBase"]
[SourceQuality "1"]

{[%evp 26,103,10,19,21,-7,0,0,6,0,16,3,24,0,81,77,81,40,81,84,83,87,87,87,82,-277,-22,-408,-408,-408,131,104,110,105,110,102,102,83,83,83,83,83,106,106,135,113,138,100,165,160,159,160,160,160,162,150,168,171,256,213,266,260,459,459,459,458,454,443,579,447,433,392,760,564,564,564,708,623,2006,1881]} 1. d4 Nf6 2. c4 e6 3. Nf3 d5 4. g3 Bb4+ 5. Bd2 Be7 6. Bg2 O-O 7. O-O c6 8. Qc2 Nbd7 9. Bf4 b6 {E11: Bogo-Indian} 10. Nc3 (10. cxd5 cxd5 11. Rc1 Bb7 12. Qb3 Rc8 13. Rxc8 Qxc8 14. Nc3 Nh5 15. Bg5 Bxg5 16. Nxg5 Nhf6 17. e3 Qb8 18. Bf1 Rc8 {½-½ (56) So,W (2788)-Karjakin,S (2760) London 2017}) 10... dxc4 11. Nd2 Nd5 12. Nxc4 Nxf4 13. gxf4 Bb7 14. Rfd1 {LiveBook: 218 Games} Rc8 15. f5 exf5 $146 ({Predecessor:} 15... Qc7 16. fxe6 fxe6 17. Qe4 Rf6 18. e3 Rg6 19. Kh1 Ba8 {0-1 (60) Butnorius,A (2442)-Nestorovic,N (2381) Plovdiv 2008}) 16. Qxf5 g6 17. Qh3 Rc7 18. Rac1 Ba6 19. b3 $36 {[%mdl 2048] White is pushing.} Bb4 {[#]} (19... Bc8 $11 {keeps the balance.}) 20. d5 $1 $16 {[%cal Rd5c6]} Bxc3 21. dxc6 ({Don't go for} 21. Qxc3 $2 cxd5 22. Bxd5 b5 $19) (21. d6 {looks sharper.} Rc8 22. Rxc3 Qf6 23. Qg3 Qg7 24. e4) 21... Bf6 22. Rxd7 Rxd7 23. Qxd7 Qxd7 24. cxd7 Bb5 25. Ba8 $2 {[%mdl 8192]} (25. Rd1 $16) 25... Rd8 $2 (25... Bxd7 26. Bd5 $15) (25... Rxa8 $19 26. Ne5 Rf8) 26. Rd1 $2 {[%mdl 8192]} (26. Ne3 $11 {and White has nothing to worry.}) 26... Bxc4 $19 ({Don't play} 26... Rxa8 27. Nd6 $19) 27. bxc4 {[%mdl 4096] Endgame KRB-KRB} Be7 $2 (27... Rxa8 $19 28. Rd6 Be7) 28. Bg2 Kf8 29. Bc6 Bc5 30. Rd5 f6 31. h4 Ke7 32. Kg2 Rg8 33. f4 Bd6 34. Kf3 f5 35. h5 Rf8 36. Rd1 gxh5 (36... Ba3 $16) 37. Rh1 $18 Rf6 38. Rxh5 h6 39. Ba4 Bc7 40. Rh1 Rd6 41. Bc2 Rxd7 (41... Rf6 $142 42. Rd1 Rf8) 42. Rxh6 Rd2 43. Rh7+ Kd6 $2 (43... Kf6 44. Bxf5 (44. Rxc7 Rxc2 45. Rxa7 Rxc4 $16) 44... Bd6) 44. Bxf5 {[#] Hoping for Rd7+.} Rxa2 45. e4 {[%cal Be2e4,Be4e5][%mdl 32] Strongly threatening e5+.} Ra3+ 46. Kg4 {e5+ is the strong threat.} Kc6 47. e5 {Threatens to win with Be4+.} Re3 48. Re7 a5 $2 (48... a6 49. Bd7+ Kb7) 49. Bd7+ {White is clearly winning.} Kb7 50. Bb5 Kc8 51. Kf5 Rf3 52. Ke4 {Precision: White = 49%, Black = 34%.} 1-0

[Event "3rd GRENKE Chess Open 2018"]
[Site "Karlsruhe"]
[Date "2018.03.31"]
[Round "5"]
[White "Lampert, Jonas"]
[Black "Kopylov, Michael"]
[Result "1/2-1/2"]
[WhiteElo "2532"]
[BlackElo "2421"]
[Annotator "TA"]
[PlyCount "41"]
[EventDate "2018.??.??"]
[EventType "swiss"]
[EventCountry "GER"]
[SourceTitle "playchess.com"]
[Source "ChessBase"]
[SourceQuality "1"]

{[%evp 21,41,0,0,-6,-10,-6,0,-10,0,0,6,8,8,4,20,0,0,-4,-9,-29,-22,-25]} 1. d4 d5 2. c4 e6 3. Nf3 c6 4. Qc2 Nf6 5. g3 dxc4 6. Qxc4 b5 7. Qc2 Bb7 8. Bg2 Nbd7 9. Ne5 Qb6 {D30: Queen's Gambit Declined: Systems without Nc3} (9... Nxe5 10. dxe5 Nd5 11. Nc3 Be7 12. O-O O-O 13. Rd1 Qb8 14. f4 a5 15. Nxd5 cxd5 16. Be3 Rc8 17. Qd2 {½-½ (45) Delorme,A (2518)-Hammer,J (2628) Helsingor 2017}) 10. Nxd7 Nxd7 11. O-O c5 {LiveBook: 8 Games} 12. dxc5 Bxc5 13. Bxb7 Qxb7 14. Nc3 $146 ({Find the theoretical novelty and annotate with similar games:} 14. Rd1 Rc8 15. Qd2 Nf6 16. Qf4 O-O 17. Nc3 {0-1 (33) Mihopoulos,K (1951)-Galopoulos,N (2430) Plovdiv 2012}) 14... Rc8 15. Qd3 a6 16. Ne4 Ne5 17. Nxc5 Rxc5 18. Qd4 Rd5 19. Qb4 Nc6 20. Qg4 O-O {White should prevent ...f5.} 21. Be3 1/2-1/2

[Event "3rd GRENKE Chess Open 2018"]
[Site "Karlsruhe"]
[Date "2018.03.31"]
[Round "5"]
[White "Valsecchi, Alessio"]
[Black "Akshat, Khamparia"]
[Result "1/2-1/2"]
[WhiteElo "2510"]
[BlackElo "2408"]
[Annotator "TA"]
[PlyCount "35"]
[EventDate "2018.??.??"]
[EventType "swiss"]
[EventCountry "GER"]
[SourceTitle "playchess.com"]
[Source "ChessBase"]
[SourceQuality "1"]

{[%evp 10,35,75,68,65,69,82,87,84,57,61,57,58,58,58,58,77,70,57,54,76,21,21,13,39,-9,-8,-26]} 1. d4 Nf6 2. c4 Nc6 3. Nc3 e5 4. d5 Ne7 5. e4 Ng6 6. h4 h5 {A50: Queen's Fianchetto Defence (1 d4 Nf6 2 c4 b6)} 7. Bg5 Be7 (7... Bc5 8. Qd2 d6 9. g3 c6 10. Bd3 Qa5 11. Bxf6 gxf6 12. a3 a6 13. Ra2 Ba7 14. Nge2 {0-1 (33) Nesterov,A (2388)-Praggnanandhaa,R (2517) Stockholm 2018}) 8. Be2 Ng4 {White is better.} 9. Bxe7 Qxe7 10. d6 $146 ({Predecessor:} 10. Bxg4 hxg4 11. d6 Qxd6 12. Qxd6 cxd6 13. Nb5 Ke7 14. g3 {0-1 (34) Hartmann,T (2003)-Schweigert,W (2128) Illertissen 2012}) 10... Qxd6 11. Qxd6 cxd6 12. Rd1 Nf4 13. Bxg4 hxg4 14. g3 Ne6 15. Nge2 ({Of course not} 15. Rxd6 $6 b6 $11) (15. f3 $16) 15... Nc7 $11 16. Rxd6 b6 17. O-O Bb7 18. Rfd1 1/2-1/2

[Event "3rd GRENKE Chess Open 2018"]
[Site "Karlsruhe"]
[Date "2018.03.31"]
[Round "5"]
[White "Ider, Borya"]
[Black "Lerch, Patrice"]
[Result "1-0"]
[WhiteElo "2505"]
[BlackElo "2407"]
[Annotator "TA"]
[PlyCount "37"]
[EventDate "2018.??.??"]
[EventType "swiss"]
[EventCountry "GER"]
[SourceTitle "playchess.com"]
[Source "ChessBase"]
[SourceQuality "1"]

{[%evp 18,37,12,16,76,58,111,103,126,114,117,99,142,139,152,132,156,146,141,114,145,149]} 1. d4 Nf6 2. Bf4 g6 3. Nc3 d5 4. Nf3 c6 5. e3 Bg7 6. Be2 O-O 7. Ne5 Nfd7 8. h4 Nxe5 {D00: 1 d4 d5: Unusual lines} 9. Bxe5 f6 10. Bg3 {LiveBook: 4 Games} Bf5 (10... h5 $11 {remains equal.}) 11. h5 Qb6 (11... e5 $14) 12. e4 Be6 $146 ({Find the theoretical novelty and annotate with similar games:} 12... dxe4 13. Bc4+ e6 14. hxg6 Qxb2 15. Nxe4 Qb4+ 16. Nd2 hxg6 17. Bxb8 Raxb8 {½-½ (107) Sethuraman,S (2640)-Ghaem Maghami,E (2596) Berlin 2015}) 13. hxg6 hxg6 14. Qd3 {Strongly threatening exd5.} Kf7 15. O-O-O Nd7 16. Bf3 {[%cal Re4d5]} Qa5 17. exd5 Bxd5 18. Rhe1 Rfe8 19. Kb1 {Precision: White = 71%, Black = 23%.} 1-0

[Event "3rd GRENKE Chess Open 2018"]
[Site "Karlsruhe"]
[Date "2018.03.31"]
[Round "5"]
[White "Riff, Jean-Noel"]
[Black "Keymer, Vincent"]
[Result "1/2-1/2"]
[WhiteElo "2503"]
[BlackElo "2403"]
[Annotator "TA"]
[PlyCount "40"]
[EventDate "2018.??.??"]
[EventType "swiss"]
[EventCountry "GER"]
[SourceTitle "playchess.com"]
[Source "ChessBase"]
[SourceQuality "1"]

{[%evp 13,40,21,41,30,41,25,35,17,44,20,10,0,0,-6,0,0,0,0,0,0,0,0,0,0,0,0,0,0,0]} 1. e4 c5 2. Nf3 e6 3. d4 cxd4 4. Nxd4 a6 5. Be2 Nf6 6. Nc3 Qc7 7. O-O Bc5 {LiveBook: 64 Games. B43: Sicilian: Kan Variation: 5 Nc3} 8. Qd3 Nc6 9. Nxc6 bxc6 {White has an edge.} 10. Na4 Be7 11. c4 d5 $146 {The position is equal.} ({Predecessor:} 11... c5 12. f4 d6 13. Bf3 Rb8 14. b3 {0-1 (38) Hamdouchi,H (2589)-Fernandes,A (2415) San Sebastian 2009}) 12. Nc3 {[%cal Rc4d5]} Bb7 13. Bf3 {[%cal Rc4d5]} O-O 14. cxd5 cxd5 15. exd5 Rfd8 {[%cal Rf6d5]} 16. Be3 Nxd5 17. Nxd5 Bxd5 18. Rac1 Qe5 {[#] Threatens to win with ...Bxf3.} 19. Bxd5 Rxd5 20. Qc3 Qxc3 1/2-1/2

[Event "3rd GRENKE Chess Open 2018"]
[Site "Karlsruhe"]
[Date "2018.03.31"]
[Round "5"]
[White "Poetsch, Hagen"]
[Black "Engel, Luis"]
[Result "1-0"]
[WhiteElo "2484"]
[BlackElo "2389"]
[Annotator "TA"]
[PlyCount "69"]
[EventDate "2018.??.??"]
[EventType "swiss"]
[EventCountry "GER"]
[SourceTitle "playchess.com"]
[Source "ChessBase"]
[SourceQuality "1"]

{[%evp 22,69,21,11,14,0,26,0,17,0,0,0,0,-32,-22,-55,-55,-55,-13,-13,-24,-13,-16,-15,-23,-27,-26,-14,0,0,12,26,19,0,47,21,60,50,121,132,109,100,111,127,248,247,467,488,489,492]} 1. e4 c5 2. Nf3 d6 3. d4 cxd4 4. Nxd4 Nf6 5. Nc3 a6 6. h3 e5 7. Nb3 Be7 {B90: Sicilian Najdorf: Unusual White 6th moves, 6 Be3 Ng4 and 6 Be3 e5} (7... Be6 8. Be3 h5 9. Be2 Nbd7 10. O-O Rc8 11. Qd2 b5 12. Rfd1 Nb6 13. Bxb6 Qxb6 14. a4 b4 15. Nd5 Nxd5 16. exd5 {0-1 (43) Anand,V (2783)-Kovalyov,A (2641) Tbilisi 2017}) 8. g4 h6 9. Be3 Be6 10. Qf3 Nbd7 11. O-O-O Rc8 12. Nd5 $1 {LiveBook: 14 Games} Nf8 13. Kb1 Ng6 $1 14. Nxe7 Qxe7 {[#]} 15. g5 $146 ({Predecessor:} 15. Bd3 b5 {½-½ (28) Miras Garcia,E (2516)-Pugh,J (2465) ICCF email 2015}) 15... hxg5 16. Bxg5 Qc7 17. Bd3 Nh5 18. Bd2 Nhf4 {[%cal Rh8h3]} 19. Bb4 Rxh3 20. Rxh3 Nxh3 21. Bxd6 Qb6 ({But not} 21... Qxd6 $2 22. Bb5+ $1 {[%mdl 512]} Ke7 23. Rxd6 $18) 22. Rd2 f6 (22... Qxd6 $2 23. Bb5+ $1 {[%mdl 512]} Ke7 24. Rxd6 $18) 23. Qe3 Qxe3 ({Don't blunder} 23... Qxd6 $2 24. Bb5+ $1 {[%mdl 512]} axb5 25. Rxd6 $18) 24. fxe3 Rc6 25. Bb4 Ng5 26. Nc5 Bc8 27. a4 {[%cal Ba2a4,Ba4a5][%mdl 32]} Nf8 28. a5 $36 {[%mdl 2048] White has the initiative.} Nfe6 29. Na4 $1 Rc7 (29... Nf7 $14) 30. Rh2 $1 $16 Kf7 31. Rh8 Bd7 32. Nb6 Bc6 {[#]} (32... Be8 $16 33. Bd6 Rc6) 33. Bd6 $1 $18 Nxe4 $2 (33... Re7 34. Bxe7 Kxe7 35. Nd5+ Kd6) 34. Bxc7 Nxc7 {[#]} 35. Rc8 $1 {Precision: White = 65%, Black = 42%.} 1-0

[Event "3rd GRENKE Chess Open 2018"]
[Site "Karlsruhe"]
[Date "2018.03.31"]
[Round "5"]
[White "Kevlishvili, Robby"]
[Black "Lokander, Martin"]
[Result "1-0"]
[WhiteElo "2472"]
[BlackElo "2379"]
[Annotator "TA"]
[PlyCount "187"]
[EventDate "2018.??.??"]
[EventType "swiss"]
[EventCountry "GER"]
[SourceTitle "playchess.com"]
[Source "ChessBase"]
[SourceQuality "1"]

{[%evp 19,187,61,49,18,57,54,64,40,50,40,42,43,140,137,136,137,151,159,141,146,177,170,164,156,143,129,164,151,174,162,168,156,162,162,170,167,172,142,188,165,175,175,170,176,197,180,243,246,486,486,390,479,453,454,440,445,476,224,252,280,262,102,429,429,446,410,550,402,402,391,534,517,568,561,571,352,316,124,124,124,117,114,267,267,261,232,447,450,452,254,353,254,254,254,334,189,189,189,189,51,68,83,165,164,164,156,157,164,166,162,158,157,158,0,44,0,46,0,0,0,0,0,0,0,63,54,63,64,62,62,460,466,516,524,461,439,341,0,0,0,0,0,5531,5206,1684,1708,1263,1237,12836,12836,12837,12837,12837,12838,12837,12839,12842,12839,12837,12839,12839,12832,12840,12841,12839,12839,12844,12844,12847,12847]} 1. e4 Nf6 2. e5 Nd5 3. d4 d6 4. Nf3 dxe5 5. Nxe5 g6 6. Bc4 Be6 7. Bb3 Bg7 8. O-O O-O 9. Re1 c6 10. c3 {B04: Alekhine's Defence: 4 Nf3} (10. Nc3 Nd7 11. Nxd5 cxd5 12. Bf4 Nxe5 13. Bxe5 b5 14. Bxg7 Kxg7 15. Qf3 Qd6 16. Re5 Rad8 17. Qe3 a5 {½-½ (43) Matinian,N (2499)-Del Rio de Angelis,S (2520) Lorca 2017}) 10... Nd7 {LiveBook: 16 Games} 11. Nd3 (11. Nf3 {looks sharper.} Bf5 12. Nbd2 e6 13. Ne4 Qc7 14. Bg5) 11... Nc7 12. Nd2 {[%cal Bb1d2,Bd2c4,Bc4d6][%mdl 32] White is slightly better.} Bxb3 13. axb3 a5 $146 ({Predecessor:} 13... Re8 14. Nc4 {1-0 (49) Gentilleau,J (2224)-Dive,R (2388) Bled 2002}) 14. Nc4 Nd5 15. Bg5 Re8 ({Black should play} 15... b5 $14) 16. Nd6 $1 $36 {[%mdl 2048] White is in control.} Rf8 17. Nxb7 Qc7 18. Nbc5 Nxc5 19. Nxc5 e5 20. dxe5 Bxe5 21. g3 Rfe8 22. Ra4 {[%cal Ba1a4,Ba4e4,Be4e2][%mdl 32]} f6 23. Bd2 Nb6 24. Rae4 Qd6 25. Na4 $1 {[%cal Ra4b6]} Nxa4 26. bxa4 ({Don't play} 26. Rxa4 Rad8 $16) 26... Red8 27. R4e2 Qd5 28. Qc2 Qa2 29. Bc1 Rab8 30. Rd1 Qc4 31. Red2 Rxd2 32. Rxd2 ({Don't take} 32. Bxd2 Qb3 $16) 32... f5 (32... Qg4 $142 33. Rd3 Bc7) 33. Qd1 $18 h5 $2 (33... Bf6 34. Rd7 Re8) 34. Rd8+ Rxd8 35. Qxd8+ Kh7 36. Qxa5 Qe4 37. Qa7+ Bg7 {With the idea ...Qe1+.} 38. Qa6 (38. Be3 $142 {aiming for Bd4.} Qb1+ 39. Kg2) 38... Qb1 39. Qf1 Qa1 40. Qd1 $2 (40. b3 $1 $18 {and the rest is easy.}) 40... c5 $2 {[%mdl 8192]} (40... Bh6 $16 {is more resistant.}) 41. Kg2 Qb1 42. h4 c4 43. Qf1 Qe4+ 44. Kh2 Be5 45. Bg5 f4 46. Qg2 f3 47. Qf1 Qc2 48. Be3 $2 (48. a5 $18 {is the precise move to win.}) 48... Qxa4 $16 49. Qh1 Qc6 50. Qd1 Kg8 $2 (50... Qb7 $16 {was necessary.} 51. Qa4 Bg7 52. Qxc4 Qxb2) 51. Qd8+ $18 Kf7 52. Bh6 Bf6 $2 (52... Bd6 {might work better.} 53. Bg5 Bc5) 53. Qf8+ Ke6 54. Be3 (54. Qg8+ $142 Kf5 55. Qf7) 54... Be5 55. Qg8+ Kf5 56. Qd8 Ke4 {[#]} 57. Bc1 (57. Bf4 $142 $1 {[%mdl 512]}) 57... Qf6 58. Qa8+ Kd3 {Threatens to win with ...Qxh4+.} 59. Qd5+ (59. Qa2 $18) 59... Kc2 $1 $14 60. Bg5 Qf5 (60... Qb6 $16 {keeps fighting.} 61. Be3 (61. Qxf3 Qxb2 62. Qc6 Kxc3 $16) 61... Qc7 62. Qxf3 Kxb2) 61. Qxc4 $18 {Hoping for b4.} Kxb2 62. Qb4+ Kc2 63. c4 {Black must now prevent c5.} Qe4 64. Qd2+ $1 Kb3 65. c5 Kc4 66. Qc1+ $2 (66. Bf4 $1 $16) 66... Kb5 67. Be3 {And now Kg1 would win.} Qxh4+ 68. Kg1 Qe4 69. Qf1+ Kc6 70. Qa6+ Kd7 71. Qb5+ Qc6 (71... Ke7 $11) 72. Qc4 Ke7 73. Bg5+ Kf8 74. Bh6+ Bg7 $2 {[%mdl 8192]} ({Better is} 74... Ke8 $14) 75. Bf4 $1 {[%cal Rf4d6]} Bf6 76. Bd6+ $1 Kg7 77. Qe6 {Bf8+ is the strong threat.} Qa8 {[#]} 78. c6 $2 ({White must play} 78. Kh2 $1 $18) 78... Qa1+ $11 79. Kh2 Qd4 $1 {[%cal Rd4f2]} 80. Kh3 g5 $2 {[%mdl 8192]} (80... Qxf2 $11 81. Bf8+ Kxf8 82. Qxf6+ Ke8) 81. Qd7+ $18 {White is clearly winning.} Kg6 82. Qe8+ Kf5 83. Qc8+ Ke4 84. Qe6+ Kd3 85. Qb3+ Ke4 {[#]} 86. Qc2+ $1 Kd5 87. c7 Qg4+ 88. Kh2 Qc8 89. Qc5+ Ke6 90. Qc6 g4 91. Bf4+ Kf7 92. Qb5 h4 93. Qb8 hxg3+ 94. Bxg3 {Precision: White = 59%, Black = 40%.} 1-0

[Event "3rd GRENKE Chess Open 2018"]
[Site "Karlsruhe"]
[Date "2018.03.31"]
[Round "5"]
[White "Kuipers, Stefan"]
[Black "Fries-Nielsen, Jens Ove"]
[Result "1/2-1/2"]
[WhiteElo "2468"]
[BlackElo "2359"]
[Annotator "TA"]
[PlyCount "29"]
[EventDate "2018.??.??"]
[EventType "swiss"]
[EventCountry "GER"]
[SourceTitle "playchess.com"]
[Source "ChessBase"]
[SourceQuality "1"]

{[%evp 13,29,15,11,-14,-16,-19,-19,-21,-14,-8,-18,-23,-9,0,-2,-4,0,-35]} 1. e4 g6 2. d4 Bg7 3. Nc3 Nc6 4. Be3 d5 5. exd5 Nb4 6. a3 {B06: Modern Defence} Nxd5 7. Nxd5 Qxd5 {LiveBook: 5 Games} 8. Qf3 $146 (8. Qd2 {looks sharper.} Nf6 9. Nf3 O-O 10. Be2 Ng4 11. Bg5) ({Predecessor:} 8. c4 Qd8 9. Nf3 Nh6 10. Qb3 Nf5 11. O-O-O O-O 12. Bf4 Nxd4 13. Nxd4 Bxd4 {0-1 (46) Ilincic,Z (2397)-Mihok,O (2506) Kecskemet 2016}) 8... Nf6 9. Qxd5 Nxd5 10. Nf3 Bg4 11. Be2 Nxe3 12. fxe3 Bxf3 13. Bxf3 {The position is equal.} O-O-O 14. c3 e5 15. d5 1/2-1/2

[Event "3rd GRENKE Chess Open 2018"]
[Site "Karlsruhe"]
[Date "2018.03.31"]
[Round "5"]
[White "Nasuta, Grzegorz"]
[Black "Van Kerkhof, David"]
[Result "1-0"]
[WhiteElo "2459"]
[BlackElo "2334"]
[Annotator "TA"]
[PlyCount "153"]
[EventDate "2018.??.??"]
[EventType "swiss"]
[EventCountry "GER"]
[SourceTitle "playchess.com"]
[Source "ChessBase"]
[SourceQuality "1"]

{[%evp 25,153,26,55,59,130,124,118,121,137,132,133,74,68,63,54,57,105,105,104,106,110,107,119,120,114,126,119,116,121,87,93,29,20,0,95,93,85,23,133,0,62,89,71,27,31,0,79,76,87,87,105,70,87,95,228,235,236,236,222,232,229,225,231,231,228,222,300,280,309,242,295,297,312,299,315,299,416,411,414,415,420,415,513,511,529,520,631,627,604,601,645,645,1264,1237,1689,1674,1490,1440,1530,1345,29965,29968,29965,29963,29972,6409,29980,29981,29981,29982,29991,29987,29987,29986,29987,29988,29990,29989,29991,29992,29992,29991,29991,29992,29992,29990,29994,29995,29995,29995]} 1. e4 c5 2. Nf3 g6 3. c3 Bg7 4. d4 cxd4 5. cxd4 d5 6. e5 Bg4 7. Bb5+ Nc6 8. Bxc6+ bxc6 9. Nbd2 e6 {B27: Sicilian: 2 Nf3, unusual Black 2nd moves} (9... Qb6 10. O-O e6 11. Nb3 Ne7 12. h3 Bxf3 13. Qxf3 a5 14. Qc3 O-O 15. Nc5 Ra7 16. a4 Qb4 17. Qxb4 axb4 {1-0 (38) Howell,D (2682)-Bellon Lopez,J (2334) Caleta 2018}) 10. O-O Ne7 11. h3 Bxf3 12. Nxf3 O-O 13. Qa4 Qb6 {LiveBook: 3 Games} 14. Bg5 f6 $146 (14... Rfe8 $14) ({Predecessor:} 14... Rfe8) 15. exf6 Bxf6 16. Rae1 Nf5 {[%cal Rf5d4]} 17. Bxf6 ({Reject} 17. Rxe6 $6 Bxg5 18. Nxg5 Nxd4 $11) 17... Rxf6 18. Ne5 (18. Rc1 $142) 18... Qb5 $16 19. Qxb5 cxb5 20. Ng4 Rff8 21. Rxe6 Nxd4 22. Re7 Nf5 23. Rd7 d4 24. Rc1 {Intending Rcc7 and mate.} Rf7 25. Rcc7 Rxd7 26. Rxd7 {[%mdl 4096] Endgame KRN-KRN} h6 27. Nf6+ Kf8 28. Nh7+ (28. g4 $16 Nh4 29. Kf1) 28... Ke8 $11 29. Nf6+ (29. Rb7 $11) 29... Kf8 $16 30. g4 Nh4 31. Nh7+ ({White should play} 31. Kf1 $1 $16) 31... Kg8 {[#]} (31... Ke8 $1 $11 {keeps the balance.} 32. Nf6+ Kf8) 32. Nf6+ ({Better is} 32. Kh2 $1 $16) 32... Kf8 $14 33. Kf1 Rc8 34. Nh7+ (34. Rxa7 d3 $11) 34... Kg8 35. Nf6+ (35. g5 {feels hotter.} hxg5 36. Nf6+ Kf8 37. Rxd4 Nf5 38. Rd2) 35... Kf8 36. Rxd4 ({Much worse is} 36. Rxa7 d3 $11) 36... Rc2 {[#]} 37. Rb4 $1 a6 38. Nd5 g5 39. Rb3 Kf7 (39... Rc8 $16) 40. Nb4 $18 Rc1+ 41. Ke2 Ng6 42. Nxa6 Nf4+ 43. Kf3 Ne6 {aiming for ...Nd4+.} 44. Ke3 Re1+ 45. Kd2 Re5 46. Nb4 Nf4 47. Re3 Rc5 48. Nd3 Rd5 49. Kc3 Ne6 50. a3 Rd4 51. Re5 Rc4+ 52. Kd2 Nd4 {[#]} 53. Rxb5 $1 {[%mdl 512]} Rc2+ (53... Nxb5 54. Ne5+) 54. Kd1 Rc7 55. Rb6 Ne6 56. a4 Ra7 57. b3 Nd4 58. Kd2 Nxb3+ 59. Rxb3 Rxa4 {KRN-KR} 60. Rb6 Kg7 61. Ke3 Ra3 62. Ke4 Rc3 63. f4 gxf4 64. Nxf4 Rc4+ 65. Ke5 (65. Kf5 $142 Rc5+ 66. Ke6 Rc7 67. Nh5+ Kh7 68. Ng3 Rc1 69. Nf5 Kg6 70. h4) 65... Rc5+ 66. Ke6 {White mates.} Rc7 67. Rd6 Rc4 68. Rd7+ Kg8 69. Kf5 Rc6 70. Ne6 Ra6 71. Re7 h5 72. Kg6 {[%cal Re7e8]} Ra8 73. Kxh5 Rb8 74. g5 {[%cal Bg4g5,Bg5g6][%mdl 32]} Ra8 75. g6 Rb8 76. Kh6 Ra8 77. Rd7 {Precision: White = 67%, Black = 49%.} 1-0

[Event "3rd GRENKE Chess Open 2018"]
[Site "Karlsruhe"]
[Date "2018.03.31"]
[Round "5"]
[White "Firat, Burak"]
[Black "Wang, Hao"]
[Result "1/2-1/2"]
[WhiteElo "2453"]
[BlackElo "2713"]
[Annotator "TA"]
[PlyCount "81"]
[EventDate "2018.??.??"]
[EventType "swiss"]
[EventCountry "GER"]
[SourceTitle "playchess.com"]
[Source "ChessBase"]
[SourceQuality "1"]

{[%evp 21,81,35,56,0,4,-15,-8,-14,-8,-16,-12,-113,-100,-95,-80,-105,0,0,0,-8,0,0,21,13,16,13,13,0,0,0,0,-8,54,-32,-8,-9,0,-64,0,0,46,15,19,35,20,0,0,-80,-73,-82,-79,-75,0,0,0,0,0,0,0,0,0,0]} 1. e4 c5 2. Nf3 d6 3. d4 cxd4 4. Nxd4 Nf6 5. Nc3 a6 6. h3 e6 7. g4 Nfd7 {B81: Sicilian Scheveningen: Keres Attack} 8. g5 (8. Bg2 Be7 9. Nce2 Nc6 10. c3 Nce5 11. O-O Ng6 12. f4 Nh4 13. Bh1 O-O 14. f5 e5 15. Nc2 {0-1 (57) Fedoseev,V (2724)-Grischuk,A (2767) Moscow 2018}) 8... Be7 9. h4 b5 10. a3 Bb7 11. Be3 Nb6 {LiveBook: 24 Games} 12. Qg4 (12. f4 $14) 12... N8d7 $11 13. f4 Rc8 14. Bd3 $146 ({Find the theoretical novelty and annotate with similar games:} 14. Rh3 Nc4 15. Bxc4 Rxc4 {1-0 (29) Zhou,Y (2469)-Longson,A (2279) Purley 2013}) 14... Nc4 15. Bxc4 Rxc4 16. O-O-O (16. f5 $1 $11 e5 17. Nf3) 16... Rxc3 $17 17. bxc3 Qc7 18. f5 Ne5 (18... Qxc3 $17 19. Kb1 Qxe3 20. fxe6 fxe6 21. Nxe6 Qxa3 22. Nxg7+ Kd8) 19. Qf4 $11 Qxc3 {( -> ...Nc4)} 20. Nb3 exf5 21. Bd4 Qc7 {[#]} 22. Nc5 $1 {[%mdl 512]} Ng6 (22... dxc5 23. Bxe5) 23. Qh2 Bc8 24. Rhf1 f4 $1 25. Nd3 O-O 26. Nb4 (26. Nxf4 d5 $15) 26... Be6 ({Black should play} 26... Bg4 $11) 27. Bb2 (27. h5 $14 Ne5 28. Qxf4) 27... Rc8 28. Kb1 Qc4 $36 {[%mdl 2048] Black has good play.} 29. Nd5 (29. h5 $11 Ne5 30. Qxf4) 29... Bxd5 (29... Bd8 $1 $15) 30. exd5 {[#]} f3 $1 {[%mdl 512]} 31. Rxf3 {Strongly threatening h5.} Qxh4 32. Rh3 Qf4 33. Qh1 Qf5 ({Of course not} 33... Qxg5 $6 34. Rxh7 Bf8 35. Qh3 $16) 34. Rf1 (34. Rxh7 $11 {remains equal.} Rxc2 35. Rxg7+ Kf8 36. Ka1 Rxb2 37. Rxg6 Ra2+ 38. Kxa2 Qc2+ 39. Ka1 Qc3+ 40. Ka2 Qc2+ 41. Ka1 Qc3+ 42. Ka2 Qc2+) 34... Qxc2+ $17 35. Ka1 Bxg5 {...Ne5 is the strong threat.} ({Not} 35... Ne5 $2 36. Rc1 $18) 36. Rxh7 Bf6 (36... f6 $17 37. Rh2 Qc4) 37. Rxf6 $11 {The position is equal.} gxf6 38. Qh6 $1 {[%csl Gh7][%cal Rh6g7]} Qd1+ 39. Ka2 {[%csl Gh7][%cal Rh6g7]} Qxd5+ 40. Ka1 {[%csl Gh7][%cal Rh6g7]} Qd1+ 41. Ka2 {Precision: White = 40%, Black = 53%.} 1/2-1/2

[Event "3rd GRENKE Chess Open 2018"]
[Site "Karlsruhe"]
[Date "2018.03.31"]
[Round "5"]
[White "Zatonskih, Anna"]
[Black "Korobov, Anton"]
[Result "0-1"]
[WhiteElo "2446"]
[BlackElo "2664"]
[Annotator "TA"]
[PlyCount "46"]
[EventDate "2018.??.??"]
[EventType "swiss"]
[EventCountry "GER"]
[SourceTitle "playchess.com"]
[Source "ChessBase"]
[SourceQuality "1"]

{[%evp 26,46,0,0,0,0,0,-25,-14,-35,-17,-17,-18,-16,-33,-16,-22,-27,-28,-33,-33,-58,-45]} 1. d4 Nf6 2. c4 e6 3. Nf3 d5 4. g3 dxc4 5. Qa4+ Nbd7 6. Bg2 a6 7. Qxc4 b5 8. Qd3 Bb7 9. O-O c5 10. dxc5 Bxc5 11. Be3 {E03: Open Catalan: 5 Qa4+ Nbd7 6 Qxc4} (11. Nbd2) 11... O-O 12. Nbd2 Qb6 13. Bxc5 Nxc5 {[%cal Bd7c5,Bc5a4,Ba4c3][%mdl 32]} 14. Qe3 {LiveBook: 3 Games} Nd5 15. Qd4 Na4 16. Qxb6 Ndxb6 17. b4 $146 ({Predecessor:} 17. b3 Nc3 18. e3 Rfd8 19. Nb1 Ne2+ 20. Kh1 Rac8 21. Nfd2 Bd5 22. Bxd5 Nxd5 23. Re1 Nb4 24. Rxe2 Nc2 {0-1 (24) Straub,N (2188)-Schleining,Z (2346) Bad Wiessee 2017}) 17... Nc3 18. Nd4 Bxg2 19. Kxg2 Rfd8 20. N2b3 Rac8 21. e3 e5 22. Nf3 f6 23. Rfc1 Ne4 0-1